مكتبة جامعة عجلون الوطنية

فهرس بحث المكتبة

Normal view MARC view
  • السياسيون الاردنيون- تراجم- عبد السلام المجالي- يوميات

Entry Topical Term

Number of records used in: 1

001 - CONTROL NUMBER

  • control field: 64576

003 - CONTROL NUMBER IDENTIFIER

  • control field: JO-AjAnu

005 - DATE AND TIME OF LATEST TRANSACTION

  • control field: 20231202111501.0

008 - FIXED-LENGTH DATA ELEMENTS

  • fixed length control field: 231202|| aca||babn | a|a d

040 ## - CATALOGING SOURCE

  • Original cataloging agency: JO-AjAnu

150 ## - HEADING--TOPICAL TERM

  • Topical term or geographic name entry element: السياسيون الاردنيون- تراجم- عبد السلام المجالي- يوميات